<?xml version="1.0" encoding="UTF-8"?>
<record
    xmlns:xsi="http://www.w3.org/2001/XMLSchema-instance"
    xsi:schemaLocation="http://www.loc.gov/MARC21/slim http://www.loc.gov/standards/marcxml/schema/MARC21slim.xsd"
    xmlns="http://www.loc.gov/MARC21/slim">

  <leader>01387nam a22002657a 4500</leader>
  <controlfield tag="003">DO-SdBNP</controlfield>
  <controlfield tag="005">20211105123009.0</controlfield>
  <controlfield tag="007">ta</controlfield>
  <controlfield tag="008">210712e2006    dr |||||||| 001 0dspa d</controlfield>
  <datafield tag="020" ind1=" " ind2=" ">
    <subfield code="a">9789993468769</subfield>
  </datafield>
  <datafield tag="040" ind1=" " ind2=" ">
    <subfield code="a">DO-SdBNP</subfield>
    <subfield code="b">spa</subfield>
    <subfield code="c">BNPHU</subfield>
  </datafield>
  <datafield tag="082" ind1=" " ind2="4">
    <subfield code="2">22</subfield>
    <subfield code="b">N789i</subfield>
  </datafield>
  <datafield tag="100" ind1="1" ind2=" ">
    <subfield code="a">Nolasco Olivo, Daniel Julio</subfield>
    <subfield code="9">79179</subfield>
  </datafield>
  <datafield tag="245" ind1="1" ind2="0">
    <subfield code="a">Instituciones de derecho de familia /</subfield>
    <subfield code="c">Daniel Nolasco ; pr&#xF3;l. Francisco Antonio P&#xE9;rez Lora </subfield>
  </datafield>
  <datafield tag="260" ind1=" " ind2=" ">
    <subfield code="a">Santo Domingo :</subfield>
    <subfield code="b">Ediciones Jur&#xED;dicas Trajano Potentini,</subfield>
    <subfield code="c">2006.</subfield>
  </datafield>
  <datafield tag="300" ind1=" " ind2=" ">
    <subfield code="a">v. ;</subfield>
    <subfield code="c">21 cm.</subfield>
  </datafield>
  <datafield tag="500" ind1=" " ind2=" ">
    <subfield code="a">La biblioteca posee el volumen 2 </subfield>
  </datafield>
  <datafield tag="500" ind1=" " ind2=" ">
    <subfield code="a">Incluye datos biogr&#xE1;ficos del autor en las solapas</subfield>
  </datafield>
  <datafield tag="504" ind1=" " ind2=" ">
    <subfield code="a">Bibliograf&#xED;a : p. 389- 396</subfield>
  </datafield>
  <datafield tag="505" ind1="0" ind2=" ">
    <subfield code="a">&#xCD;ndice general--</subfield>
    <subfield code="t">Dedicatoria--</subfield>
    <subfield code="t">Presentaci&#xF3;n--</subfield>
    <subfield code="t">Pr&#xF3;logo--</subfield>
    <subfield code="t">Introducci&#xF3;n--</subfield>
    <subfield code="g">Cap&#xED;tulo 10--</subfield>
    <subfield code="t"> Las separaciones de cuerpos como remedios de conflicto conyugal--</subfield>
    <subfield code="g">Cap&#xED;tulo 11--</subfield>
    <subfield code="t">La afiliaci&#xF3;n como instituici&#xF3;n parental--</subfield>
    <subfield code="g">Cap&#xED;tulo 12--</subfield>
    <subfield code="t">La legitimaci&#xF3;n como matrimonializaci&#xF3;n filiatorial --</subfield>
    <subfield code="g">Cap&#xED;tulo 13--</subfield>
    <subfield code="t">El menor como sujeto de derecho--</subfield>
    <subfield code="g">Cap&#xED;tulo 14--</subfield>
    <subfield code="t">La adopci&#xF3;n como instituci&#xF3;n. protectora del menor--</subfield>
    <subfield code="g">Cap&#xED;tulo 15--</subfield>
    <subfield code="t">La patria potestad como responsabilidad parental--</subfield>
    <subfield code="t">Ap&#xE9;ndices--</subfield>
    <subfield code="t">Bibliograf&#xED;a.</subfield>
  </datafield>
  <datafield tag="590" ind1=" " ind2=" ">
    <subfield code="a">Inventariado 2021/MF  /BT</subfield>
  </datafield>
  <datafield tag="700" ind1="1" ind2=" ">
    <subfield code="a">P&#xE9;rez Lora, Francisco Antonio,</subfield>
    <subfield code="e">pr&#xF3;l.</subfield>
    <subfield code="9">79180</subfield>
  </datafield>
  <datafield tag="910" ind1=" " ind2=" ">
    <subfield code="a">Mf&#xE9;liz</subfield>
  </datafield>
  <datafield tag="942" ind1=" " ind2=" ">
    <subfield code="2">ddc</subfield>
    <subfield code="c">LBS1</subfield>
  </datafield>
  <datafield tag="952" ind1=" " ind2=" ">
    <subfield code="0">0</subfield>
    <subfield code="1">0</subfield>
    <subfield code="2">ddc</subfield>
    <subfield code="5">1</subfield>
    <subfield code="7">0</subfield>
    <subfield code="8">PD</subfield>
    <subfield code="a">BNPHU</subfield>
    <subfield code="b">PD</subfield>
    <subfield code="c">HD</subfield>
    <subfield code="d">2021-05-24</subfield>
    <subfield code="e">Dep&#xF3;sito legal</subfield>
    <subfield code="l">0</subfield>
    <subfield code="o">BNPHU PD N789i</subfield>
    <subfield code="p">2021-25062</subfield>
    <subfield code="r">2021-07-12</subfield>
    <subfield code="w">2021-07-12</subfield>
    <subfield code="y">LFPD</subfield>
  </datafield>
  <datafield tag="952" ind1=" " ind2=" ">
    <subfield code="0">0</subfield>
    <subfield code="1">0</subfield>
    <subfield code="2">ddc</subfield>
    <subfield code="5">1</subfield>
    <subfield code="7">0</subfield>
    <subfield code="8">PD</subfield>
    <subfield code="a">BNPHU</subfield>
    <subfield code="b">PD</subfield>
    <subfield code="c">HD</subfield>
    <subfield code="d">2021-05-24</subfield>
    <subfield code="e">Dep&#xF3;sito legal</subfield>
    <subfield code="l">0</subfield>
    <subfield code="o">BNPHU PD N789i</subfield>
    <subfield code="p">2021-25065</subfield>
    <subfield code="r">2021-07-12</subfield>
    <subfield code="t">E.2</subfield>
    <subfield code="w">2021-07-12</subfield>
    <subfield code="y">LFPD</subfield>
  </datafield>
  <datafield tag="952" ind1=" " ind2=" ">
    <subfield code="0">0</subfield>
    <subfield code="1">0</subfield>
    <subfield code="2">ddc</subfield>
    <subfield code="5">6</subfield>
    <subfield code="7">0</subfield>
    <subfield code="8">DS</subfield>
    <subfield code="a">BNPHU</subfield>
    <subfield code="b">DO</subfield>
    <subfield code="c">HD</subfield>
    <subfield code="e">Dep&#xF3;sito legal</subfield>
    <subfield code="l">0</subfield>
    <subfield code="o">BNPHU DS N789i</subfield>
    <subfield code="p">2021-25066</subfield>
    <subfield code="r">2021-07-12</subfield>
    <subfield code="t">e.3</subfield>
    <subfield code="w">2021-07-12</subfield>
    <subfield code="y">LFDS</subfield>
  </datafield>
  <datafield tag="999" ind1=" " ind2=" ">
    <subfield code="c">50088</subfield>
    <subfield code="d">50088</subfield>
  </datafield>
</record>
